000
00339nam a22001457a 4500
008
210310b ||||| |||| 00| 0 eng d
020
_a
9780974930428
041
_a
eng
080
_a
004
082
_a
004
100
_a
36
101
_a
SHKI
245
_a
Total Workday Control Using Microsoft Outlook
_c
Linenberger,M
942
_2
udc
_c
BK
999
_c
56259
_d
56259